Two Word Game Show Clues Quiz Stats

 Plays Quiz Updated Dec 28, 2015

Also try: Game Show by Scene
Challenge
Share
Tweet
Embed
Score 0/20 Timer 05:00
0 Plays Today
% Correct
Family Feud
90.2%
Who Wants To Be A Millionaire?
89.3%
Jeopardy!
85.4%
The Dating Game
84.6%
The Price Is Right
81.3%
Deal Or No Deal
76.5%
The Newlywed Game
76%
Supermarket Sweep
70.4%
Wheel Of Fortune
68.8%
Press Your Luck
68%
% Correct
Let's Make A Deal
62%
The Gong Show
60%
Shop 'til You Drop
57.4%
Card Sharks
49.3%
Hollywood Squares
49.1%
To Tell The Truth
48.9%
Sale Of The Century
45.5%
Pyramid
42.8%
What's My Line?
41.9%
Match Game
39.2%

You're not logged in!

Compare scores with friends on all Sporcle quizzes.
OR
Log In

You Might Also Like...

Show Comments

Extras

Top Quizzes Today


Score Distribution

Your Account Isn't Verified!

In order to create a playlist on Sporcle, you need to verify the email address you used during registration. Go to your Sporcle Settings to finish the process.

Report this User

Report this user for behavior that violates our Community Guidelines.

Details: